German Colonies - Statistics

General Stats
  • This quiz has been taken 35 times
  • The average score is 4 of 15
Answer Stats
Colony % Correct
Kamerun
81%
German East Africa
52%
Marshall Islands
48%
German South West Africa
45%
Palau
45%
Nauru
32%
Togoland
32%
German Samoa
16%
Caroline Islands
13%
Northern Mariana Islands
6%
Kiautschou
3%
Bismark Archipelago
0%
Kaiser-Wilhelmsland
0%
North Soloman Islands
0%
Wituland
0%
No matching quizzes found
Score Distribution
Percent of People with Each Score
Percentile by Number Answered
Your Score History
You have not taken this quiz